• 首页
  • 本馆介绍
  • 公告通知
  • 最新文献
  • 馆藏检索
  • 电子资源
  • 读者导购
  • 参考咨询
  • 我的图书馆
  • 登录
  • 详细信息显示
  • 放入我的书架
  • 预约/预借图书
  • 作者相关作品
  • 分类相关作品
  • 丛书相关作品
  • 出版社相关作品

书目信息

  • 表格格式
  • 工作单格式
  • 卡片格式
题名:
社会心理学
    
 
作者: 陈纪方 , 时蓉华 编著
分册:  
出版信息: 武汉   武汉师范学院教育行政管理专修科  1984.04
页数: 289页
开本: 20cm
丛书名:
单 册:
中图分类: C912.6 , B849.091
科图分类:
主题词: 应用心理学 , 社会心理学
电子资源:
ISBN:
000 00658nam0 2200241 45
001 0186009287
005 20070801135304.35
010    @dCNY1.25
100    @a19960215d1984 em y0chiy0121 ea
101 0  @achi
102    @aCN@b410000
105    @ay z 000yy
200 10 @a社会心理学@Ashe hui xin li xue@f时蓉华编著@FShi Rong Hua Bian Zhu
210    @a武汉@c武汉师范学院教育行政管理专修科@d1984.04
215    @a289页@d20cm
606 0  @a应用心理学
606    @a社会心理学
690    @aC912.6@v3 
690    @aB849.091
701  0 @a陈纪方@Achen ji fang@4编著
701  0 @a时蓉华@4编著
801  0 @aCN@bNLC@c20070801
905    @f1@b109524@dB849.091@e86
    
    社会心理学/时蓉华编著.-武汉:武汉师范学院教育行政管理专修科,1984.04
    289页;20cm
    
    
    ISBN :CNY1.25
    
●
相关链接 在E读中查询图书 在五车中查询图书 在当当中查询图书 在豆瓣中查询图书


正题名:社会心理学     索取号:B849.091/86         预约/预借

序号 登录号 条形码 馆藏地/架位号 状态 备注
1 0109524   000504715   第一样本阅览室/ [索取号:B849.091/86] 在馆    
2 0790731   207907318   密集书库/ [索取号:B849.091/86] 在馆    
唐山师范学院图书馆 欢迎您!
大连网信软件有限公司© 版权所有